| 000 | 00889nam a2200205Ii 4500 | ||
|---|---|---|---|
| 003 | JO-AjNU | ||
| 008 | 230605s9999||||xx |||||||||||||| ||und|| | ||
| 017 | _a1985/8/327 | ||
| 040 |
_aJO-AjNU _bara _erda _cJO-AjNU |
||
| 041 | _aara | ||
| 050 | 1 | 4 | _aDS36.85.M87 1985 |
| 100 | 3 |
_aالمجمع الملكي لبحوث الحضارة الاسلامية (ماب), _eauthor _945226 |
|
| 245 | 0 | 0 | _aكتاب المؤتمر السنوي الرابع: عمان/ المجمع الملكي لبحوث الحضارة الإسلامية (ماب) 16-19 شعبان/6-9 ايار(مايو)1985 |
| 264 | 3 | 1 | _aعمان: المجمع الملكي لبحوث الحضارة الاسلامية ، 1985 |
| 300 | _a205ص | ||
| 336 |
_atext _btxt _2rdacontent |
||
| 337 |
_aunmediated _bn _2rdamedia |
||
| 338 |
_avolume _bnc _2rdacarrier |
||
| 650 | 4 |
_aالحضارة الاسلامية- مرتمرات _945227 |
|
| 999 |
_aA19588 _c23156 _d23156 |
||